Normal view
MARC view
- Anand V. Domkundwar
Entry Personal Name
001 - CONTROL NUMBER
- control field: 1380
003 - CONTROL NUMBER IDENTIFIER
- control field: OSt
005 - DATE AND TIME OF LATEST TRANSACTION
- control field: 20160831124221.0
008 - FIXED-LENGTH DATA ELEMENTS
- fixed length control field: 160831|| aca||aabn | a|a d
040 ## - CATALOGING SOURCE
- Original cataloging agency: OSt
- Transcribing agency: OSt
100 ## - HEADING--PERSONAL NAME
- Personal name: Anand V. Domkundwar
670 ## - SOURCE DATA FOUND
- Source citation: Work cat.: (OSt): Anand V. Domkundwar, A Course in Internal Combustion Engines (S.I. Units), 2005
